ბათუმის შოთა რუსთაველის სახელმწიფო უნივერსიტეტის ბიბლიოთეკა

ენა და კულტურა : (ბიბ.ჩანაწერი № 57829)

000 -LEADER
fixed length control field 00791nam a22001937a 4500
005 - DATE AND TIME OF LATEST TRANSACTION
control field 20210118132817.0
008 - FIXED-LENGTH DATA ELEMENTS--GENERAL INFORMATION
fixed length control field 210118c2020 ge ||||| |||| 00| 0 geo d
022 ## - INTERNATIONAL STANDARD SERIAL NUMBER
International Standard Serial Number 19877323
041 ## - LANGUAGE CODE
Language code of text/sound track or separate title geo
245 ## - TITLE STATEMENT
Title ენა და კულტურა :
Remainder of title სამეცნიერო რეფერირებადი ჟურნალი. 2020 /
Statement of responsibility, etc. მანანა მიქაძე მთ. რედ.
260 ## - PUBLICATION, DISTRIBUTION, ETC.
Place of publication, distribution, etc. ქუთაისი,
Date of publication, distribution, etc. 2020.
300 ## - PHYSICAL DESCRIPTION
Extent v.
653 ## - INDEX TERM--UNCONTROLLED
Uncontrolled term პედაგოგიკა
653 ## - INDEX TERM--UNCONTROLLED
Uncontrolled term ფილოლოგია
653 ## - INDEX TERM--UNCONTROLLED
Uncontrolled term ენა და კულტურა
653 ## - INDEX TERM--UNCONTROLLED
Uncontrolled term პერიოდიკა
700 ## - ADDED ENTRY--PERSONAL NAME
Personal name მიქაძე, მანანა
Relator term მთავარი რედაქტორი
9 (RLIN) 10056
942 ## - ADDED ENTRY ELEMENTS (KOHA)
Source of classification or shelving scheme
Koha item type პერიოდიკა
ეგზემპლარები
Withdrawn status Lost status Source of classification or shelving scheme Damaged status Not for loan Permanent Location Current Location Shelving location Date acquired Serial Enumeration / chronology Barcode Date last seen Copy number Price effective from Koha item type
        შიდა ფონდი ბათუმის შოთა რუსთაველის სახელმწიფო უნივერსიტეტის მთავარი ბიბლიოთეკა ბათუმის შოთა რუსთაველის სახელმწიფო უნივერსიტეტის მთავარი ბიბლიოთეკა წიგნსაცავი 2021-01-18 (#23) 2020 p80687 2021-01-18 p80687 2021-01-18 პერიოდიკა